000 00478nam a2200193Ia 4500
003 LK-CoDNM
005 20240726123140.0
008 010623t1933 xxu||||| |||| 00| 1 eng d
040 _aLK-CoDNM
_dLK-CoDNM
_eLK-CoDNM
041 _aeng
080 _a14
_bCC47
100 _aAnand,Mulk.Raj.
245 _aThe Hindu View of Art
260 _bGeorge Allen and Unwin Ltd
_aLondon
_c1933
300 _b245p. : ill ; 18 cm
650 _aBuddhism
650 _aVeda
942 _cBK
999 _c96624
_d96624